The pilgrimage : (Record no. 12745)
[ view plain ]
| 000 -LEADER | |
|---|---|
| fixed length control field | 00924nam a2200277 a 4500 |
| 001 - CONTROL NUMBER | |
| control field | 12745 |
| 003 - CONTROL NUMBER IDENTIFIER | |
| control field | BD-JhCC |
| 005 - DATE AND TIME OF LATEST TRANSACTION | |
| control field | 20230510101334.0 |
| 008 - FIXED-LENGTH DATA ELEMENTS--GENERAL INFORMATION | |
| fixed length control field | 230510s20211997enkb 000 0 eng d |
| 020 ## - INTERNATIONAL STANDARD BOOK NUMBER | |
| International Standard Book Number | 9788172235390 |
| 035 ## - SYSTEM CONTROL NUMBER | |
| System control number | (BD-JhCC)17745 |
| 040 ## - CATALOGING SOURCE | |
| Original cataloging agency | BDS |
| Transcribing agency | BD-JhCC |
| 041 1# - LANGUAGE CODE | |
| Language code of text/sound track or separate title | eng |
| Language code of original | por |
| 082 0# - DEWEY DECIMAL CLASSIFICATION NUMBER | |
| Classification number | 869.3 |
| Edition number | 21 |
| Item number | COE 2021 |
| 100 1# - MAIN ENTRY--PERSONAL NAME | |
| Personal name | Coelho, Paulo. |
| 240 10 - UNIFORM TITLE | |
| Uniform title | Diário de um Mago. |
| Language of a work | English |
| 245 14 - TITLE STATEMENT | |
| Title | The pilgrimage : |
| Remainder of title | a contemporary quest for ancient wisdom / |
| Statement of responsibility, etc. | Paulo Coelho ; translated by Alan Clarke. |
| 260 ## - PUBLICATION, DISTRIBUTION, ETC. | |
| Place of publication, distribution, etc. | London : |
| Name of publisher, distributor, etc. | Thorsons, |
| Date of publication, distribution, etc. | 2021. |
| 300 ## - PHYSICAL DESCRIPTION | |
| Extent | 226 p. : |
| Other physical details | map ; |
| Dimensions | 20 cm. |
| 500 ## - GENERAL NOTE | |
| General note | Originally published in Portuguese as "O diário de um Mago", Rio de Janeiro : Editora Rocco, 1987. |
| 650 #0 - SUBJECT ADDED ENTRY--TOPICAL TERM | |
| Topical term or geographic name entry element | Voyages and travels |
| Form subdivision | Fiction. |
| 651 #0 - SUBJECT ADDED ENTRY--GEOGRAPHIC NAME | |
| Geographic name | Spain |
| Form subdivision | Fiction. |
| 700 1# - ADDED ENTRY--PERSONAL NAME | |
| Personal name | Clarke, Alan |
| Fuller form of name | (Alan R.) |
| 942 ## - ADDED ENTRY ELEMENTS (KOHA) | |
| Source of classification or shelving scheme | Dewey Decimal Classification |
| Koha item type | Books |
| Withdrawn status | Lost status | Source of classification or shelving scheme | Damaged status | Not for loan | Home library | Current library | Shelving location | Date acquired | Cost, normal purchase price | Total Checkouts | Full call number | Barcode | Date last seen | Date last checked out | Copy number | Price effective from | Koha item type |
|---|---|---|---|---|---|---|---|---|---|---|---|---|---|---|---|---|---|
| Dewey Decimal Classification | JCC Rouf Library | JCC Rouf Library | General Stacks | 05/10/2023 | 400.00 | 11 | 869.3 COE 2021 | 17735 | 04/10/2025 | 02/06/2025 | C-1 | 05/10/2023 | Books |